000 01247cam a2200193 4500
001 L135966
008 061220n2006 000 0 eng u
035 _a(Sirsi) u135966
041 0 _aeng
245 0 0 _aConsumers, estate agents and redress bill 2006-07
260 _aLondon
_bUK Parliament
_c2006
520 _aMakes provision for the establishment of the National Consumer Council and its functions and aims to: make provision for the abolition of other consumer bodies; make provision about the handling of consumer complaints by certain suppliers and provision requiring certain suppliers to be members of redress schemes in respect of consumer complaints; amend the Estate Agents Act 1979; make provision about the cancellation of certain contracts concluded away from business premises; and for connected purposes.
650 2 4 _aCONSUMERS, ESTATE AGENTS AND REDRESS BILL 2006
651 4 _aUnited Kingdom
_y
690 _aMANAGEMENT-BUSINESS MANAGEMENT-PROFESSIONAL PRACTICE
710 1 _aUnited Kingdom
_bDepartment of Trade and Industry
856 4 0 _uhttps://www.publications.parliament.uk/pa/pabills/200607/consumers_estate_agents_and_redress.htm
_zView the Bill free of charge at www.publications.parliament.uk...
942 _n0
999 _c106259
_d106259